000 00814nam a22001577a 4500
003 OSt
005 20150929112353.0
008 150929b xxu||||| |||| 00| 0 eng d
040 _cRUA
082 _aAGR SRA 2007 B063 Or.1
100 _91560
_aSRAS, PHANNY.
245 _aComparison des methodes de culture insensive et draditionelle de riz au district de dung tong province de kompot, ការប្រៀបធៀបបច្ចេកទេសដាំដុះប្រព័ន្ធប្រពលវប្បកម្មដំណាំស្រូវតាមគោលការណ៍ធម្មជាតិជាមួយទំលាប់កសិករនៅស្រុកដងទង់ ខេត្តកំពត
260 _aPhnom Penh
_bRUA
_c2007
300 _a55p.
_bill.
_c29cm.
942 _2ddc
_cAGR
999 _c1467
_d1467